000
00256nam a22001217a 4500
003
SGT
082
_a
617.51
_b
O13K
100
_a
KIRTANE,MILIND V
245
_a
OTOLOGY AND NEUROTOLOGY
260
_a
NEW YORK
_b
THIEME
_c
2013
300
_a
498
942
_2
ddc
_c
BK
999
_c
14407
_d
14407